000 00436nam a22001697a 4500
003 OSt
008 260505b |||||||| |||| 00| 0 eng d
082 _a633.18
_bS48S
100 _aSingh, Devendra Prasad
245 _aA Study of Root-Shoot Inter-Relationship in Rice (Oryza Sativa L.)
260 _aPusa, Samastipur
_bRAU
_c1977
300 _a45P.
502 _bMsc.
_d1977
650 _aAgronomy
650 _aMsc.
942 _2ddc
_cT
999 _c50433
_d50433